مصر في العصور الوسطى من الفتح العربي إلى الفتح العثماني ;; Miṣr fī al-ʻuṣūr al-wusṭá min alfath alarabii 'iilaa alfath aluthmanii/ (Record no. 78521)
[ view plain ]
| 000 -LEADER | |
|---|---|
| fixed length control field | 01116cam a2200277 i 4500 |
| 001 - CONTROL NUMBER | |
| control field | 78521 |
| 003 - CONTROL NUMBER IDENTIFIER | |
| rucl marc code | BD-RjUL |
| 005 - DATE AND TIME OF LATEST TRANSACTION | |
| control field | 20211209083135.0 |
| 008 - FIXED-LENGTH DATA ELEMENTS--GENERAL INFORMATION | |
| fixed length control field | 210930s19641947ua a b 000 0 ara d |
| 035 ## - SYSTEM CONTROL NUMBER | |
| System control number | (BD-RjUL)78747 |
| 040 ## - CATALOGING SOURCE | |
| Original cataloging agency | OSU |
| Language of cataloging | eng |
| Description conventions | rda |
| Transcribing agency | OSU |
| Modifying agency | LEILA |
| -- | TEF |
| -- | IUL |
| -- | MEAUC |
| -- | DLC |
| 041 ## - LANGUAGE CODE | |
| Language code of text/sound track or separate title | eng |
| 042 ## - AUTHENTICATION CODE | |
| Authentication code | lccopycat |
| -- | lcode |
| 043 ## - GEOGRAPHIC AREA CODE | |
| Geographic area code | f-ua--- |
| -- | aw----- |
| -- | ff----- |
| -- | e-sp--- |
| 082 ## - DEWEY DECIMAL CLASSIFICATION NUMBER | |
| Edition number | 23 |
| Classification number | 962.024 |
| Author mark and year | HAM 1964 |
| 100 ## - MAIN ENTRY--PERSONAL NAME | |
| Personal name | Hassan, Ali Ibrahim ;; حسن, علي ابراهيم |
| 9 (RLIN) | 248752 |
| 245 03 - TITLE STATEMENT | |
| Title | مصر في العصور الوسطى من الفتح العربي إلى الفتح العثماني ;; Miṣr fī al-ʻuṣūr al-wusṭá min alfath alarabii 'iilaa alfath aluthmanii/ |
| Statement of responsibility, etc. | Ali Ibrahim Hassan ;; علي ابراهيم حسن |
| 250 ## - EDITION STATEMENT | |
| Edition statement | 5th.ed. |
| 264 #1 - PRODUCTION, PUBLICATION, DISTRIBUTION, MANUFACTURE, AND COPYRIGHT NOTICE | |
| Place of production, publication, distribution, manufacture | al-Qāhirah : |
| Name of producer, publisher, distributor, manufacturer | matbat alnahja misriah, |
| Date of production, publication, distribution, manufacture, or copyright notice | 1964 |
| 300 ## - PHYSICAL DESCRIPTION | |
| Pagination | 570 pages : |
| Illustrations | illustrations ; |
| Size | 23 cm |
| 504 ## - BIBLIOGRAPHY, ETC. NOTE | |
| Bibliography, etc | Includes bibliographical references |
| 651 #0 - SUBJECT ADDED ENTRY--GEOGRAPHIC NAME | |
| Geographic name | Egypt |
| General subdivision | History |
| Chronological subdivision | 640-1250. |
| 9 (RLIN) | 248753 |
| Geographic name | Egypt |
| General subdivision | History |
| Chronological subdivision | 1250-1517. |
| 9 (RLIN) | 248754 |
| Geographic name | Islamic Empire |
| General subdivision | History. |
| 9 (RLIN) | 248755 |
| 942 ## - ADDED ENTRY ELEMENTS (KOHA) | |
| Source of classification or shelving scheme | Dewey Decimal Classification |
| Koha item type | Books |
| Lost status | Source of classification or shelving scheme | Damaged status | Not for loan | Collection code | Permanent Location | Current Location | Shelving location | Date acquired | Source of acquisition | Cost, normal purchase price | Total Checkouts | Full call number | Date last seen | Copy number | Koha item type |
|---|---|---|---|---|---|---|---|---|---|---|---|---|---|---|---|
| Dewey Decimal Classification | Not For Loan | Non-fiction | Central Library, University of Rajshahi | Central Library, University of Rajshahi | Reading Room | 16/09/1968 | zeitlinger | 130.00 | A 962.024 HAM 1964 | 30/09/2021 | C-1 | Books |